000 00914nam a2200277 a 4500
001 000017282
003 DO-SdBNP
005 20221005131349.0
007 000017282
008 100322s2000 dr 001 j spa d
020 _z9993432032
040 _aBPMSU
_bspa
_cBPMSU
049 _a
082 4 _aRD863.4408
_bV443c 2000
_222
100 1 _aVeloz Maggiolo, Marcio,
_d1936-2021
245 1 0 _aCuentos para otros milenios :
_bantología personal /
_cMarcio Veloz Maggiolo
260 _aSanto Domingo :
_bEditorial Cole,
_c2000.
300 _a200 p. ;
_c22 cm.
500 _3Incluye datos biográficos del autor en la contracubierta
590 _6Inventariado, 2022/VM
600 1 4 _aVeloz Maggiolo, Marcio
_d1936-
_xCrítica e interpretación
650 4 _aCuentos dominicanos
_xAntologías
650 4 _aLiteratura dominicana
910 _aVMateo V./ Validado. Control de calidad BNPHU
942 _2ddc
_cBK
999 _c7248
_d7248